01002cam a22003011i 4500001001300000003000400013005001700017008004100034010001700075035001900092040002100111042001200132043001200144050002200156051002500178100004000203245009200243260004300335300006100378490004100439500003300480504003100513500002000544650002100564650004100585810005700626999001700683gs 11000560 DLC20260227111312.0790619s1911 dcuabf b f001 0 eng  ags 11000560  a(OCoLC)5082097 aDLCcICharEdDLC apremarc an-us-ak00aQE75b.B9 no. 467 aTN24.A4bA7cCopy 2.1 aAtwood, Wallace Walker,d1872-1949.10aGeology and mineral resources of parts of the Alaska peninsula /cby Wallace W. Atwood. aWashington,bGovt. Print. Off.,c1911. a137 p. :bill., xiv pl. (part fold., incl. maps)c24 cm.1 aU.S. Geological survey. Bulletin 467 aPreface by Alfred H. Brooks. aBibliography : p. 132-133. aIncludes index. 0aGeologyzAlaska. 0aMines and mineral resourceszAlaska.1 aUnited States.bGeological Survey.tBulletin ;v467. c25079d25079